Wykorzystanie metody programowania liniowego Dea do oceny efektywności organizacyjnej szpitali jako podstawowego celu procesu komercajlizacji

Základné predpoklady a ciele komercializácie nemocníc v Poľsku. Problémy súvisiace s efektívnosťou nemocníc. Opatrenia a návrhy ovplyvňujúce hodnotenie efektívnosti nemocníc. Predstavenie metódy lineárneho programovania DEA (Data Envelopment Analysis) na hodnotenie efektívnosti nemocníc ako doplnku...

Descrizione completa

Salvato in:
Dettagli Bibliografici
Autore principale: Rajfur, Piotr
Altri autori: Závadský, Cyril, 1971-
Natura: Capitolo di libro
Lingua:polacco
Soggetti:
Tags: Aggiungi Tag
Nessun Tag, puoi essere il primo ad aggiungerne!!

MARC

LEADER 00000naa$a2200000$$$4500
001 0267971
005 20240502074215.0
041 0 |a pol 
044 |a SK 
245 1 0 |a Wykorzystanie metody programowania liniowego Dea do oceny efektywności organizacyjnej szpitali jako podstawowego celu procesu komercajlizacji  |c Piotr Rajfur, Cyril Závadský 
520 |a Základné predpoklady a ciele komercializácie nemocníc v Poľsku. Problémy súvisiace s efektívnosťou nemocníc. Opatrenia a návrhy ovplyvňujúce hodnotenie efektívnosti nemocníc. Predstavenie metódy lineárneho programovania DEA (Data Envelopment Analysis) na hodnotenie efektívnosti nemocníc ako doplnku k ekonomickej a finančnej analýze so zreteľom na sociálne potreby zainteresovaných strán. 
610 2 0 |a programovanie lineárne 
610 2 0 |a modely 
610 2 0 |a meranie 
610 2 0 |a efektívnosť 
610 2 0 |a nemocnice 
610 2 0 |a zdravotníctvo 
610 2 0 |a Poľsko 
100 1 |a Rajfur, Piotr 
700 1 |a Závadský, Cyril, 1971-